Poradce

Guardado en:
Detalles Bibliográficos
Formato: Seriadas
Lenguaje:checo
Publicado: Havířov Poradce 1998
Etiquetas: Agregar Etiqueta
Sin Etiquetas, Sea el primero en etiquetar este registro!

MARC

LEADER 00000nas2a2200000 4500
001 s122399
005 20250617080229.4
022 |a 1211-2437 
041 0 |a cze 
044 |a CZ 
245 1 0 |a Poradce 
264 1 |a Havířov  |b Poradce  |c 1998 
300 |a 3 zv.